LEADER 00645naa a2200145 i 4500 001 000000304407 003 CaOOAMICUS 005 20180831172818.0 008 180831n it u000 u ita u 013 $a12238 040 $aSeMil$bita 100 1 $aPista .$0(OLS)http://semarc/name/47353 245 13$aLa responsabilità dei cristiani nell'antisemitismo, in venti secoli di storia. 773 0 $aSchlink, Maria Basilea$tIsraele, mio popolo.$dTerlizzi (Bari) : Insieme, copyr. 2001.$kSentieri$z88-87873-39-9$gp.[125]-162$w()113154 996 $6245$aLa responsabilità dei cristiani nell'antisemitismo, in venti secoli di storia$9(OLS)http://semarc/title/380220 LEADER 01430nam a2200301 4500 001 000000345915 003 CaOOAMICUS 005 20210520091631.0 008 210510s2020 it 000 u ita r 020 $a978-88-575-6933-8 040 $aSeMil$bita 100 1 $aAmbrosio, Alberto Fabio,$c.$0(OLS)http://semarc/name/63201 245 10$aDio tre volte sarto :$bmoda, Chiesa e teologia /$cAlberto Fabio Ambrosio ; prefazione del Cardinale Gianfranco Ravasi. 264 1$aMilano ;$aUdine :$bMimesis,$c2020. 300 $a171 p. ;$c18 cm 490 1 $aVestire l'indicibile. Moda e religioni 541 0 $aOmaggio mons. Mario Delpini (2D I 514) 650 4$aModa e Chiesa.$0(OLS)http://semarc/subject/50383 700 1 $aRavasi, Gianfranco,$c.$0(OLS)http://semarc/name/244 830 0$aVestire l'indicibile. Moda e religioni.$0(OLS)http://semarc/title/435094 850 $aSeMil 852 $aSeMil$W1$xVenegono$y1$m2D I 514$j226309$B236966$CSeMilBibl$Z2$F236966 $81 941 1 $a7 961 $aOmaggio mons. Mario Delpini. -- In allegato biglietto con dedica autografa a mons. Mario Delpini (12 aprile 2021) 996 $6020$a978-88-575-6933-8$9(OLS)http://semarc/number/293159 996 $6245$aDio tre volte sarto :$bmoda, Chiesa e teologia$9(OLS)http://semarc/title/435090 996 $6264$aMilano ;$aUdine :$bMimesis$9(OLS)http://semarc/publisher/39598 LEADER 01281nam a2200289 4500 001 000000361818 003 CaOOAMICUS 005 20250225095513.0 008 250224s2001 it 000 u ita r 020 $a88-15-08341-3 040 $aSeMil$bita 100 1 $aReinhard, Wolfgang,$d<1937- >.$0(OLS)http://semarc/name/88131 240 10$aGeschichte der Staatsgewalt.$0(OLS)http://semarc/title/452610 245 10$aStoria del potere politico in Europa /$cWolfgang Reinhard. 264 1$aBologna :$bIl Mulino,$c2001. 300 $aXIV, 800 p. ;$c22 cm 490 1 $aCollezione di testi e di studi. Storiografia 650 4$aPotere politico - Europa - Storia.$0(OLS)http://semarc/subject/57211 650 4$aEuropa - Politica.$0(OLS)http://semarc/subject/16150 830 0$aCollezione di testi e di studi. Storiografia.$0(OLS)http://semarc/title/8520 850 $aSeMil 852 $aSeMil$W1$xVenegono$y1$m3N III 697$j254721$B252761$CSeMilBibl$Z2$F252761 $81 961 $aBuzzi mons. Franco - Omaggio 996 $6020$a88-15-08341-3$9(OLS)http://semarc/number/302545 996 $6245$aStoria del potere politico in Europa$9(OLS)http://semarc/title/452611 996 $6264$aBologna :$bIl Mulino$9(OLS)http://semarc/publisher/29842 LEADER 01064nam a2200265 i 4500 001 000000191129 003 CaOOAMICUS 005 20150629000000.0 008 150629s1928 it u000 u ita u 013 $a169620 040 $aSeMil$bita 245 10$aS. Ignazio di Loyola :$blettere e scritti scelti /$ca cura di Pio Bondioli. 260 $aMilano :$bGasparini,$c1928. 300 $a246 p. ;$c17 cm. 490 0 $aBiblioteca dei santi 500 $aFondo card. Giovanni Colombo. 650 4$aIgnazio : di Loyola - Opere.$0(OLS)http://semarc/subject/7660 700 1 $aBondioli, Pio <1890-1958>.$0(OLS)http://semarc/name/12458 830 0$aBiblioteca dei santi.$0(OLS)http://semarc/title/223 850 $aSeMil 852 $aSeMil$W1$xVenegono$y1$m3GC I 424$j141743$B141743$CSeMilBibl$Z2$F153310 $8B 941 1 $a3 961 $aLascito: Colombo Card. Giovanni 996 $6245$aS. Ignazio di Loyola :$blettere e scritti scelti$9(OLS)http://semarc/title/275409 996 $6260$aMilano :$bGasparini$9(OLS)http://semarc/publisher/41354 LEADER 00947nam a2200253 i 4500 001 000000082401 003 CaOOAMICUS 005 20180306000000.0 008 180306s1971 it u000 u ita u 013 $a54641 040 $aSeMil$bita 100 1 $aSarpellon, Giovanni.$0(OLS)http://semarc/name/39013 245 10$aTerzo Mondo in via di sottosviluppo /$cGiovanni Sarpellon. 260 $aRoma :$bAVE,$ccopyr. 1971. 300 $a180 p. ;$c19 cm. 490 0 $aMinima ;$v64 500 $aContiene : Nota bibliografica. 650 4$aTerzo mondo.$0(OLS)http://semarc/subject/16015 830 0$aMinima ;$v64.$0(OLS)http://semarc/title/6338 850 $aSeMil 852 $aSeMil$W1$xVenegono$y1$m3N VI 470$j47415$B47415$CSeMilBibl$Z2$F50000 $81 961 $aRecupero: Seminario di Seveso 996 $6245$aTerzo Mondo in via di sottosviluppo$9(OLS)http://semarc/title/405110 996 $6260$aRoma :$bAVE$9(OLS)http://semarc/publisher/30251 LEADER 00685nam a2200193 i 4500 001 000000111906 003 CaOOAMICUS 005 20210305080534.0 008 030203n it u000 u ita u 013 $a84588 040 $aSeMil$bita 100 1 $aTaddei Ferretti, Cloe,$d<1932- >.$0(OLS)http://semarc/name/4296 245 10$aParte 2. 773 0 $aTaddei Ferretti, Cloe <1932- >$tRivelazione del nome divino.$d[S.l. : s.n., stampa 1994?]$w()8501 850 $aSeMil 852 $aSeMil$W1$xVenegono$y1$m4X IV 17/2$j67708$B67708$CSeMilBibl$Z2$F78106 $8L 961 $aOmaggio: Martini Card. Carlo Maria 996 $6245$aParte 2$9(OLS)http://semarc/title/108333 LEADER 00764naa a2200169 i 4500 001 000000304321 003 CaOOAMICUS 005 20180831172817.0 008 180831n it u000 u ita u 013 $a12139 040 $aSeMil$bita 100 1 $aReinach, Adolf.$0(OLS)http://semarc/name/46003 245 10$aPlatons Philosophie :$b[Vorlesung] SS 1910. 700 1 $aGirgenti, Giuseppe,$d<1967- >.$0(OLS)http://semarc/name/317 700 1 $aKoyré, Alexandre,$d<1892-1964>.$0(OLS)http://semarc/name/1307 773 0 $aSeifert, Josef <1945- >$tRitornare a Platone.$dMilano : Vita e Pensiero, 2000.$kTemi metafisici e problemi del pensiero antico$z88-343-0614-7$gp.[181]-241$w()109623 996 $6245$aPlatons Philosophie :$b[Vorlesung] SS 1910$9(OLS)http://semarc/title/380206 LEADER 00951nam a2200265 i 4500 001 000000123908 003 CaOOAMICUS 005 20040326000000.0 008 040326s2002 it u000 u ita u 013 $a96604 020 $a88-315-2351-1 040 $aSeMil$bita 100 1 $aCasati, Angelo,$d<1931- >.$0(OLS)http://semarc/name/42937 245 13$aLa fede sottovoce /$cAngelo Casati. 260 $aMilano :$bPaoline,$c2002. 300 $a224 p. ;$c21 cm. 500 $aDono del Card. Dionigi Tettamanzi. 650 4$aMeditazioni.$0(OLS)http://semarc/subject/1352 850 $aSeMil 852 $aSeMil$W1$xVenegono$y1$m2C II 489$j78546$B78546$CSeMilBibl$Z2$F82499 $81 941 1 $a5 961 $aOmaggio: Tettamanzi Card. Dionigi 996 $6020$a88-315-2351-1$9(OLS)http://semarc/number/109553 996 $6245$aLa fede sottovoce$9(OLS)http://semarc/title/182263 996 $6260$aMilano :$bPaoline$9(OLS)http://semarc/publisher/29684 LEADER 01022nam a2200229 i 4500 001 000000126888 003 CaOOAMICUS 005 20190308095127.0 008 040527s1969 gw u000 u lat u 013 $a99596 040 $aSeMil$bita 240 10$aQuaestiones Quodlibetales, à mendis expurgatae, Annotationibus marginalibus, Doctorumque celebriorum ante quamliber Quaestionem citationibus exornatae, Scholisque per textuminsertis illustratae : Tomus duodecimus.$0(OLS)http://semarc/title/187166 245 10$a12. 300 $a614 p. 700 1 $aDuns Scotus, Ioannes,$c.$0(OLS)http://semarc/name/109102 773 0 $aDuns Scotus, Ioannes $tOpera omnia.$bRistampa anastatica.$dHildesheim : Olms, 1968-1969.$g12$w()11698 850 $aSeMil 852 $aSeMil$W1$xVenegono$y1$m2N IV 16$j81232$B81232$CSeMilBibl$Z2$F83375 $81 900 1 $aDuns Scoto, Giovanni. 996 $6245$a12$9(OLS)http://semarc/title/74974